Ekonomičeskije problemy ispol'zovanija novych technologij

Guardado en:
Detalles Bibliográficos
Formato: Libro
Lenguaje:ruso
Publicado: Kijev Naukova dumka 1987
Edición:1. izd.
Etiquetas: Agregar Etiqueta
Sin Etiquetas, Sea el primero en etiquetar este registro!

MARC

LEADER 00000nam a2200000 4500
001 c027527
005 20221219132932.2
041 0 |a rus 
044 |a UA 
245 1 0 |a Ekonomičeskije problemy ispol'zovanija novych technologij 
250 |a 1. izd. 
264 1 |a Kijev  |b Naukova dumka  |c 1987 
300 |a 102 s.